| 000 | 00811cam9a220025300 4500 | ||
|---|---|---|---|
| 001 | qcf00551328 | ||
| 005 | 20190830090818.0 | ||
| 008 | 810826s1964 po b 000 0 por | ||
| 010 | _a 65079815 | ||
| 035 | _a(Sirsi) r108052 | ||
| 035 | _a(QCAT)lss03164437 | ||
| 035 | _a(UPRA)qcf00551328 | ||
| 040 | _dUPRA | ||
| 100 | 1 |
_aBarata, Oscar Soares. _6A66396.1 |
|
| 245 | 1 | 2 |
_aA quest~ao racial : _bintroduc~ao. |
| 260 |
_a[Lisboa] : _bInstituto Superior de Ci^encias Sociais e Politica Ultramarina, _c[1964] |
||
| 500 | _aPortuguese, French, or English. | ||
| 502 | _aTese--Universidade Tecnica de Lisboa. | ||
| 504 | _aBibliography: p. 315-325. | ||
| 650 | 0 |
_aRace relations. _6S22134.1 |
|
| 650 | 0 |
_aBlack race. _6S3922.1 |
|
| 949 |
_aHT1521 _wlcc _i-154043 _mMAIN _tBOOK _lON-SHELF |
||
| 004 | 108052 | ||
| 999 |
_c178700 _d178700 |
||